000 00305nam a2200109Ia 4500
008 200626s9999 xx 000 0 und d
020 _a0-619-20377-3
245 _aAccess 2003: basic:
_bStudent Manual:/
260 _aBoston:
_bCourse Technology
_c2003
300 _axii, 1-3 pages
500 _aIncludes Index
999 _c363868
_d363868